Thermodynamics, statistical thermodynamics, and kinetics /

Gespeichert in:
Bibliographische Detailangaben
1. Verfasser: Engel, Thomas 1942-
Weitere Verfasser: Reid, Philip
Format: Buch
Sprache:Englisch
Veröffentlicht: San Francisco : Pearson Education, 2007
Ausgabe:[1st ed.]
Schlagworte:
ISBN:0321484800
Online-Zugang: Volltext
Tags: Tag hinzufügen
Keine Tags, Fügen Sie den ersten Tag hinzu!

MARC

LEADER 00000nam a2200000 4500
003 SK-BrCVT
005 20220621163410.0
008 071130s2006 xxu e ||||||eng d
020 |a 0321484800 
035 |a CVTIDW1427574 
040 |b slo  |a CVTI SR  |e AACR2 
041 0 |a eng 
044 |a xxu 
080 |a 544.4  |2 UDC-MRF 
080 |a 544.3  |2 UDC-MRF 
100 1 |a Engel, Thomas  |d 1942-, 
242 1 0 |a Termodynamika, štatistická termodynamika a kinetika  |y slo 
245 1 0 |a Thermodynamics, statistical thermodynamics, and kinetics /  |c Thomas Engel, Philip Reid 
250 |a [1st ed.] 
260 |a San Francisco :  |b Pearson Education,  |c 2007 
300 |a XIV, 589 s. :  |b fotogr., grafy, obr., tab. ; 
653 1 |a termodynamická energia  |a entalpia  |a termochémia  |a entropia  |a kinetická teória plynov  |a chemická kinetika  |a ideálny roztok  |a fázový diagram 
700 1 |a Reid, Philip 
910 |a BA002  |b A603527 
919 |a 0-321-48480-0 
974 |f Knihy 
992 |a AMG 
999 |c 156622  |d 156622